00737nam a2200229 a 450000100060000000300080000600500170001400800390003102000150007003500190008504000320010404100080013608200220014410000240016624501470019026000400033730000420037750400200041965000150043970000310045470000220048511682BD-RjUL20211208235150.0140127s1981 maua 001 0 eng a0395292735 a(BD-RjUL)11731 aDLCcDLCdDLCdBD-RjULbeng aeng00a540219bWHC 19811 aWhitaker, Robert D.10aConcepts of general, organic, and biological chemistry /cRobert D. Whitaker, Jack E. Fernandez, Janice O. Tsokos ; contributor, Carol Swezey. aBoston :bHoughton Mifflin,cc1981. axxvii, 763, [87] p. :bill. ;c24 cm. aIncludes index. 0aChemistry.1 aFernandez, Jack E.,d1930-1 aTsokos, Janice O.